Les défis fréquents du français écrit et oral pour les apprenants slovaque diplomová práca

Gespeichert in:
Bibliographische Detailangaben
1. Verfasser: Slabá, Miriama
Körperschaft: Fakulta aplikovaných jazykov EU v Bratislave. Katedra románskych a slovanských jazykov
Weitere Verfasser: Rizeková, Iveta, 1961-
Format: Buch
Sprache:Französisch
Veröffentlicht: Bratislava 2018
Tags: Tag hinzufügen
Keine Tags, Fügen Sie das erste Tag hinzu!

MARC

LEADER 00000nbm a2200000 4500
001 0244051
005 20181011145409.3
041 0 |a fre 
044 |a SK 
245 1 0 |a Les défis fréquents du français écrit et oral pour les apprenants slovaque  |b diplomová práca  |c Miriama Slabá ; školiteľ: Iveta Rizeková 
264 1 |a Bratislava  |c 2018 
300 |a 72 s. 
100 1 |a Slabá, Miriama 
700 1 |a Rizeková, Iveta, 1961- 
710 2 |a Fakulta aplikovaných jazykov EU v Bratislave. Katedra románskych a slovanských jazykov